000 00331nam a2200133Ia 4500
008 220204s9999 xx 000 0 und d
082 _a002
_bVEN
245 0 _aMarch of library science
260 _aNew Delhi
_bVikas
_c1979
650 _aCataloguing
650 _aScientific management
700 _aVenkatappaiah, V
942 _cBK
999 _c29589
_d29589